00889cam a2200241 a 450000100100000000500170001000800410002703500190006803500190008704000370010608200170014310000470016024501290020726000330033630000280036949000330039765000210043065000260045170000680047770000430054574000240058883000350061200001025420200929162217.0750617s1970 sp a 000 0 spa  a(DLC) 73217679 a(OCoLC)1394848 aDO-SdBNPbspacNSbSUdDLCdBNPHU a862.3bC146v1 aCalderón de la Barca, Pedro,d1600-1681.13aLa vida es sueño :bel alcalde de Zalamea /cPedro Calderón de la Barca ; edición y prólogo, Francisco Ruiz Ramón. a[España] :bSalvat,c1970. a195 p. :bil. ;c19 cm.1 abiblioteca basica salvatv32 4aTeatro español 4aLiteratura española1 aCalderón de la Barca, Pedro,d1600-1681.tAlcalde de Zalamea.1 aRuis Ramón, Francisco,epról.eed.1 aAlcalde de Zalamea. 0abiblioteca basica salvat ;v32